000 00406nmm a2200145Ia 4500
008 251105s9999||||xx |||||||||||||||||und||
041 _aspa
100 _aVázquez-Figueroa, Alberto
245 0 _aEl mar de Jade
264 _a[Madrid, España] :
_bEdiciones B,
_c2015
300 _a272 páginas
650 _aSpanish narrative
856 _uhttps://public.digitaliapublishing.com/a/54091
942 _cCF
999 _c105555
_d105555